Biggest Cities in Greece - Statistics

General Stats
  • This quiz has been taken 33 times
  • The average score is 5 of 15
Answer Stats
Population City % Correct
643,452 Athens
100%
309,617 Thessaloniki
94%
149,501 Heraklion
90%
170,755 Patras
58%
168,151 Piraeus
48%
146,595 Larissa
45%
85,803 Volos
42%
97,616 Kallithea
13%
133,630 Peristeri
13%
100,857 Acharnes
10%
89,597 Glyfada
10%
88,077 Nikaia
10%
79,221 Evosmos
3%
84,004 Ilion
3%
92,248 Kalamaria
3%
No matching quizzes found
Score Distribution
Percent of People with Each Score
Percentile by Number Answered
Your Score History
You have not taken this quiz